LEADER 01146nam a2200265 i 4500 001 000000165795 003 CaOOAMICUS 005 20071026000000.0 008 071026s1983 it u000 u ita u 013 $a143163 040 $aSeMil$bita 100 1 $aCatoir, John.$0(OLS)http://semarc/name/62514 240 10$aEnjoy the Lord.$0(OLS)http://semarc/title/236737 245 10$aRallegriamoci nel Signore :$bun via alla contemplazione /$cJohn Catoir ; [Traduzione di Milena Losi ]. 260 $aMilano :$bO.R.,$c1983. 300 $a111 p. ;$c21 cm. 490 0 $aCollana di meditazioni. Terza serie ;$v5 650 4$aContemplazione.$0(OLS)http://semarc/subject/4430 700 1 $aLosi, Milena.$0(OLS)http://semarc/name/15417 830 0$aCollana di meditazioni. Terza serie ;$v5.$0(OLS)http://semarc/title/12999 850 $aSeMil 852 $aSeMil$W1$xVenegono$y1$m3F III 377$j116970$B116970$CSeMilBibl$Z2$F128723 $81 961 $aOmaggio: Martinelli don Romano 996 $6245$aRallegriamoci nel Signore :$bun via alla contemplazione$9(OLS)http://semarc/title/236736 996 $6260$aMilano :$bO.R.$9(OLS)http://semarc/publisher/29789 LEADER 00478nab a2200145 i 4500 001 000000305045 003 CaOOAMICUS 005 20180831172830.0 008 180831n it uu u0 0ita r 013 $a13066 040 $aSeMil$bita 245 10$aItinerari ATISM, 36. 710 2 $aAssociazione teologica italiana per lo studio della morale.$0(OLS)http://semarc/name/2260 773 0 $t[vedi periodico].$gp.455-459$w()264811 996 $6245$aItinerari ATISM, 36.$9(OLS)http://semarc/title/380745